Quality Management and Improvement of Processes Effectiveness

Data Envelopment Analysis (DEA) - analýza obaľovania dát, jedna z najpoužívanejších metód na zlepšenie efektívnosti zdravotníckych procesov.

Enregistré dans:
Détails bibliographiques
Auteur principal: Lacko, Roman, 1988-
Autres auteurs: Hajduová, Zuzana, 1974-
Format: Chapitre de livre
Langue:anglais
Sujets:
Tags: Ajouter un tag
Pas de tags, Soyez le premier à ajouter un tag!

MARC

LEADER 00000naa a2200000 4500
001 0245474
005 20240502083654.4
041 0 |a eng 
044 |a CZ 
245 1 0 |a Quality Management and Improvement of Processes Effectiveness  |c Roman Lacko, Zuzana Hajduová 
520 |a Data Envelopment Analysis (DEA) - analýza obaľovania dát, jedna z najpoužívanejších metód na zlepšenie efektívnosti zdravotníckych procesov. 
610 2 0 |a analýza obaľovania dát 
610 2 0 |a efektívnosť 
610 2 0 |a starostlivosť zdravotná 
610 2 0 |a procesy podnikové 
610 2 0 |a procesy rozhodovacie 
100 1 |a Lacko, Roman, 1988- 
700 1 |a Hajduová, Zuzana, 1974-